Diagnósticos evaluativos de la enseñanza de las ciencias generales, el español y el inglés en la educación general básica y en la educación diversificada: formación académica y situación laboral. Cuarto informe final

Uloženo v:
Podrobná bibliografie
Korporativní autor: UCR. Facultad de Educación. Instituto de Investigación para el Mejoramiento de la Educación Costarricense
Médium: Text
Vydáno: San José: IIMED. UCR
Tagy: Přidat tag
Žádné tagy, Buďte první, kdo vytvoří štítek k tomuto záznamu!

MARC

LEADER 00000 a a2200000 04500
001 21359
003
040
090 |a 093700  
110 |a UCR. Facultad de Educación. Instituto de Investigación para el Mejoramiento de la Educación Costarricense  
245 |a Diagnósticos evaluativos de la enseñanza de las ciencias generales, el español y el inglés en la educación general básica y en la educación diversificada: formación académica y situación laboral. Cuarto informe final  
260 |a San José:   |b IIMED. UCR  
300 |a 45 p.  
999 |c 12517  |d 12517